Argentina's crisis: causes and consequences (Record no. 56562)

000 -LEADER
fixed length control field 01115pab a2200181 454500
008 - FIXED-LENGTH DATA ELEMENTS--GENERAL INFORMATION
fixed length control field 180718b2003 xxu||||| |||| 00| 0 eng d
100 ## - MAIN ENTRY--PERSONAL NAME
Personal name Nataraj, Geethanjali
245 ## - TITLE STATEMENT
Title Argentina's crisis: causes and consequences
260 ## - PUBLICATION, DISTRIBUTION, ETC.
Date of publication, distribution, etc. 2003
300 ## - PHYSICAL DESCRIPTION
Extent p.1641-644.
362 ## - DATES OF PUBLICATION AND/OR SEQUENTIAL DESIGNATION
Dates of publication and/or sequential designation 26 Apr
520 ## - SUMMARY, ETC.
Summary, etc. During the east Asian crisis of 1997. Argentina was being referred to as a model state because of its fixed exchange rate regime. However, by 2001, due to several macroeconomic reasons the economy had collapsed. It is now clear that Argentina will reverse at least some of the economic reforms introduced by president Carlos Mennen in the early 1990s to survive the crisis it is currently experiencing. That small and open economies are far more susceptible to large external shocks, such as changes in foreign interest rates, terms of trade, regional contagion effects, etc, is among the many lessons of the Argentine crisis. - Reproduced.
650 ## - SUBJECT ADDED ENTRY--TOPICAL TERM
Topical term or geographic name entry element Economic recession - Argentina
650 ## - SUBJECT ADDED ENTRY--TOPICAL TERM
Topical term or geographic name entry element Economic recession
700 ## - ADDED ENTRY--PERSONAL NAME
Personal name Sahoo, Pravakar
773 ## - HOST ITEM ENTRY
Main entry heading Economic and Political Weekly
909 ## -
-- 56562
Holdings
Withdrawn status Lost status Damaged status Not for loan Permanent Location Current Location Date acquired Serial Enumeration / chronology Barcode Date last seen Price effective from Koha item type
        Indian Institute of Public Administration Indian Institute of Public Administration 2018-07-19 Volume no: 38, Issue no: 17 AR57007 2018-07-19 2018-07-19 Articles

Powered by Koha